Farm structures in tropical climates
Na minha lista:
| Autor principal: | |
|---|---|
| Formato: | Livro |
| Idioma: | Undetermined |
| Publicado em: |
Rome
PAO ( Food and agriculture organization of the United Nations
1988
|
| Assuntos: | |
| Tags: |
Adicionar Tag
Sem tags, seja o primeiro a adicionar uma tag!
|
| Thư viện lưu trữ: | Trung tâm Học liệu Trường Đại học Cần Thơ |
|---|
| LEADER | 00556nam a2200181Ia 4500 | ||
|---|---|---|---|
| 001 | CTU_125788 | ||
| 008 | 210402s9999 xx 000 0 und d | ||
| 082 | |a 631.2 | ||
| 082 | |b B466 | ||
| 100 | |a Bengtsson, Lennart | ||
| 245 | 0 | |a Farm structures in tropical climates | |
| 245 | 0 | |c Lennart Bengtsson, Jemes H. Whitaker | |
| 260 | |a Rome | ||
| 260 | |b PAO ( Food and agriculture organization of the United Nations | ||
| 260 | |c 1988 | ||
| 650 | |a Farm buildings,Farmhouses | ||
| 904 | |i Hiếu | ||
| 980 | |a Trung tâm Học liệu Trường Đại học Cần Thơ | ||